[Event "Hannover-ch U16/18"]
[Site "Stadthagen"]
[Date "2009.10.05"]
[Round "5"]
[White "Schmugge, Jens"]
[Black "Bui, Duc Hui"]
[Result "0-1"]
[WhiteElo "1540"]
[BlackElo "1358"]
[PlyCount "46"]
[EventDate "2009.10.03"]
[EventType "swiss"]
[EventRounds "7"]
[EventCountry "GER"]
[SourceTitle "EXT 2021"]
[Source "ChessBase"]
[SourceDate "2020.10.23"]
[SourceVersion "1"]
[SourceVersionDate "2020.10.23"]
[SourceQuality "1"]

1. e4 c5 2. Nf3 d6 3. d4 cxd4 4. Nxd4 Nf6 5. Nc3 g6 6. Be2 Bg7 7. Be3 0-0 8. Qd2 Nc6 9. Bh6 Nxd4 10. Bxg7 Nxc2+ 11. Qxc2 Kxg7 12. 0-0 Bd7 13. Rad1 Rc8 14. Qd2 Qa5 15. a3 Qe5 16. Qe3 Rc5 17. Rd4 Ng4 18. Bxg4 Bxg4 19. f4 Qe6 20. h3 Bf5 21. g4 Bxg4 22. hxg4 Qxg4+ 23. Kh2 Rh5+ 0-1

[Event "Hannover-ch U16/18"]
[Site "Stadthagen"]
[Date "2009.10.04"]
[Round "3"]
[White "Fedderke, Christoph"]
[Black "Bui, Duc Hui"]
[Result "1-0"]
[WhiteElo "1537"]
[BlackElo "1358"]
[PlyCount "83"]
[EventDate "2009.10.03"]
[EventType "swiss"]
[EventRounds "7"]
[EventCountry "GER"]
[SourceTitle "EXT 2021"]
[Source "ChessBase"]
[SourceDate "2020.10.23"]
[SourceVersion "1"]
[SourceVersionDate "2020.10.23"]
[SourceQuality "1"]

1. d4 Nf6 2. c4 g6 3. Nf3 Bg7 4. Nc3 0-0 5. Bg5 c5 6. e3 cxd4 7. exd4 h6 8. Be3 d6 9. Qd2 Ng4 10. 0-0-0 Nxe3 11. fxe3 Bd7 12. Be2 Nc6 13. Rdg1 Qa5 14. a3 Rfc8 15. Kb1 Be6 16. Bd3 d5 17. Nxd5 Bxd5 18. Qxa5 Nxa5 19. cxd5 b6 20. Rc1 Rd8 21. Rc7 Rxd5 22. Be4 Rb5 23. Bxa8 e6 24. Rhc1 Bf8 25. Ka2 Nb3 26. R1c3 Na5 27. Bc6 Nxc6 28. R3xc6 Ra5 29. Ne5 b5 30. Rc8 Kg7 31. Kb3 b4 32. axb4 Rb5 33. Nd3 a5 34. Ka4 Rh5 35. bxa5 Rxh2 36. a6 Rh1 37. Rc1 Rh2 38. a7 Rxg2 39. a8Q Rd2 40. Rxf8 Rxd3 41. Rg8+ Kf6 42. Rf1+ 1-0